000 00682nam a2200181Ia 4500
008 100917s9999 xx 000 0 und d
082 _b31681
100 _aमंगळवेढेकर राजा
245 _aधर्मचक्र फिरले (शोध भारताचा)
260 _bअनिरूध्द साहित्य
_c1977
300 _a66
365 _b4
520 _aबालविभाग
630 _aधर्मचक्र फिरले (शोध भारताचा)
650 _aबालविभाग
730 _aधर्मचक्र फिरले (शोध भारताचा)
942 _cBOOK
999 _c637075
_d637072